|
|
|
|
| LEADER |
00626cam a2200157 7i4500 |
| 001 |
0000025203 |
| 005 |
20101203090000.0 |
| 090 |
0 |
0 |
|a MAT 380.1
|b MAL
|
| 110 |
2 |
0 |
|a Malaysia External Trade Development Corporation(MATRADE)
|
| 245 |
0 |
0 |
|a Malaysia Official visit of the prime minister of malaysia the honourable Dato` Sri Mohd Najib Tun Abdul Razak to Combodia[9-11 May 2010].
|
| 260 |
0 |
0 |
|a Kuala Lumpur:
|b MATRADE,
|c 2010.
|
| 300 |
# |
# |
|a 112 p.
|
| 650 |
0 |
0 |
|a Malaysia --
|x Trade promotion organizations --
|z Combodia
|
| 651 |
0 |
0 |
|a Malaysia
|
| 651 |
0 |
0 |
|a Cambodia
|
| 999 |
|
|
|a 0000027190
|b Directories
|c MATRADEs Collection
|e Business Information Centre
|